the vampire diaries - Statistiques

Statistiques générales
  • Ce quiz a été pris 826 fois
  • Le résultat moyen est 11 sur 15
Statistiques - réponses
QUESTIONS REPONSES % Correct
Sexy, vampire, yeux bleu Damon Salvatore
96%
belle, double, damon Elena Gilbert
96%
fille de sheriff, blonde, stefan Caroline Forbes
87%
enzo, sorciere, meilleure amie de damon Bonnie Bennett
82%
attirant, double, caroline Stefan Salvatore
82%
chasseur, aigris, fantome Jeremy Gilbert
80%
double, survivante, badasse Katherine Pierce
79%
detester par les fans, barman Matt Donovan
75%
prof d'histoire, mariee 2 fois, pere Alaric Saltzman
72%
hybride, blond, prefrer des fans Klaus Mikaelson
66%
immortel, double Silas
66%
attirant, homme de parole, hayley Elijah Mikaelson
64%
barbie, veut fonder une famille Rebekah Mikaelson
59%
augustine, drole, fidele Enzo St John
58%
psycopathe, gemeaux, prison Kai Parker
51%
Aucun quiz correspondant
Distribution des résultats
% des personnes avec chaque résultat
Percentile par nombre de réponses
Votre historique - résultats
Vous n’avez pas pris ce quiz